000 00412nam a2200145Ia 4500
008 100204s9999 xx 000 0 und d
082 _b5992
100 _aकाळे विजया
245 _aशतरंज
260 _b"डिंंंंप्ंाल पब्लिकेशन, वसई"
_c1984
300 _a142
630 _aशतरंज
730 _aशतरंज
942 _cBOOK
999 _c450499
_d450496